Diagnóstico forestal del plan de ordenamiento territorial del municipio de López de Micay (Registro nro. 3128)

Detalles MARC
000 -CABECERA
Campo de control 00744nam a2200241 a 4500
005 - FECHA Y HORA DE LA ULTIMA TRANSACCION
Campo de control 20180803165053.0
008 - ELEMENTOS DE LONGITUD FIJA—INFORMACION GENERAL
Campo de control 140310b2000 ck ||||| |||| 00| 0 spa d
040 ## - FUENTE DE CATALOGACIÓN
Agencia catalogadora original CO-BoIAVH
Agencia transcriptora CO-BoIAVH
041 0# - IDIOMA
Código de idioma para texto/pista de sonido o título separado Español
044 ## - PAÍS DE PUBLICACIÓN
País de publicación Colombia
090 ## - CLASIFICACIÓN LOCAL
Colección LB
Consecutivo 02890
100 1# - ASIENTO PRINCIPAL--NOMBRE PERSONAL
Nombre personal Lozano Rojas, Gustavo
9 (RLIN) 18639
245 10 - MENCION DE TITULO
Título Diagnóstico forestal del plan de ordenamiento territorial del municipio de López de Micay
260 ## - PUBLICACION, DISTRIBUCION, ETC. (PIE DE IMPRENTA)
Lugar de publicación, distribución, etc. Popayán :
Nombre del editor, distribuidor, etc. s.n.,
Fecha de publicación, distribución, etc. 2000.
300 ## - DESCRIPCION FISICA
Extensión 50 páginas :
Otros detalles físicos tablas ;
Dimensiones 28 cm.
650 #6 - ASIENTO SECUNDARIO DE MATERIA - TERMINO TEMATICO
Término temático o nombre geográfico como elemento de entrada Bosques
9 (RLIN) 92270
650 #6 - ASIENTO SECUNDARIO DE MATERIA - TERMINO TEMATICO
Término temático o nombre geográfico como elemento de entrada Recursos forestales
9 (RLIN) 42737
650 #6 - ASIENTO SECUNDARIO DE MATERIA - TERMINO TEMATICO
Término temático o nombre geográfico como elemento de entrada Vegetación
9 (RLIN) 42738
650 #6 - ASIENTO SECUNDARIO DE MATERIA - TERMINO TEMATICO
Término temático o nombre geográfico como elemento de entrada Manglares
9 (RLIN) 42739
650 #6 - ASIENTO SECUNDARIO DE MATERIA - TERMINO TEMATICO
Término temático o nombre geográfico como elemento de entrada Explotación maderera
9 (RLIN) 18643
662 ## - ASIENTO SECUNDARIO DE MATERIA - JERARQUIA DEL NOMBRE DE LUGAR(
País o entidad mayor Colombia
Ciudad López de Micay
Jurisdicción política de primer orden Cauca
942 ## - ELEMENTOS ADICIONALES (KOHA)
Tipo de ítem Informe Técnico
Sistema de clasificación Local
Existencias
Withdrawn status Lost status Sistema de Clasificación Damaged status No para préstamo Colección Inventariado Ubicación Permanente Ubicación actual Fecha de adquisición Fuente de Valor Total Checkouts Número topográfico Inventario / Código de Barras Date last seen Ejemplar Price effective from Forma de adquisición Tipo de material
    Local     General Inventariado 2017 Bogotá Bogotá 11/03/2003 Uso y Valoración   LB-02890 005149 04/12/2012 Ej. 1 04/12/2012   Informe Técnico